Регионална библиотека "Любен Каравелов" - Русе

Гобой (Запис номер 352751)

MARC детайли
000 -Лидер
Контролно поле с фиксирана дължина 01486ncm a2200325 c 4500
003 - Код на организацията, давaща контролен номер
Контролно поле BLK
005 - Дата и час на последна редакция
Контролно поле 20200424123414.0
008 - Елементи от данни с фиксирана дължина
fixed length control field 180414b bul |a|er|||| |0| c|bulo|
010 ## - Наследен системен номер
LC control number NOT00001096000
040 ## - Източник на каталожния запис
Идентификатор на билиотеката - собственик на записа BLK
041 ## - Код за език
Код за езика на текст/звукозапис или на отделно заглавие Руски
Код за езика КДБФ Руски
080 ## - УДК
Текстов определител УДК Обой учебна л-ра. Етюди, гами, упражнения
УДК код - определител по УДК 788.7
УДК определител 788.7
139 ## - Редно поле
Редна дума Гобой
Авторски знак Го - Г 58
245 10 - Сведения за заглавието
Заглавие Гобой
Подзаглавни данни Учбовий репертуар дитячих музичних шкiл ІV клас
254 ## - Сведения за формата на нотното издание
Формат на описваните ноти Партитура
257 ## - Страна на издаване
Страна на създаване/издаване Русия
260 ## - Област на издателските данни
Име на издателя, разпространителя и проч. Музична Украiна
Година на издаване 1980
9 (RLIN) 404225
Място на издаване, разпространение и проч. Киев
300 ## - Физическа характеристика
Страници 42 с.
Размери/Мащаб 22 см
380 ## - Жанр
Жанр Изкуство
650 #7 - Допълнително описание по предмет – тема
9 (RLIN) 164431
Основно описание – тема или топоним Обой - етюди
653 #7 - Ключова дума – ненормативна
9 (RLIN) 187699
Ключова дума инструментална музика
653 #7 - Ключова дума – ненормативна
9 (RLIN) 184853
Ключова дума детски пиеси
700 1# - Други автори (авторска отговорност)
Лично име Буяновский, Виталий М.
Автороска отговорност (Описва отношението между автора и произведението) състав.
9 (RLIN) 44309
852 ## - Местоположение
Форматна сигнатура ЦБ М 855
Част 5
856 4# - Електронен адрес и достъп
Електронен формат pdf - файл
Път до файла /url/
856 4# - Електронен адрес и достъп
Електронен формат pdf - файл
Път до файла /url/
999 ## - СИСТЕМНИ КОНТРОЛНИ НОМЕРА
Koha biblionumber 352751
Koha biblioitemnumber 352751
942 ## - АРТИКУЛИ
Вид на библиотечния материал Нотни издания
Скрит в OPAC Не
Периодичен библиозапис Да
944 ## - СЪЗДАВАНЕ И РЕДАКЦИЯ на ЗАПИСА
Създаване/Редакция Редакция
Дата на регистрацията/редакция 03.08.2005
999 ## - СИСТЕМНИ КОНТРОЛНИ НОМЕРА
Koha biblioitemnumber 352751
999 ## - СИСТЕМНИ КОНТРОЛНИ НОМЕРА
Koha biblioitemnumber 299603
Наличности
Код за отписване Код за изгубен артикул Източник на класификационната схема Код за повреда Коз за рестрикции Код за отдаване Артикулен № Име на библиотеката - собственик Име на библиотеката, в която се намира в момента Статус (Текущо местоположение) Дата на вписване в системата Местоположение - отдел Цена в лева Инвентарен номер Систематично азбучна сигнатура Баркод Цена в евро Служебен тип на артикула
  Не е изгубен Universal Decimal Classification Не е повреден без рестрикции заемане за дома 760179 Регионална библиотека "Любен Каравелов" Русе Регионална библиотека "Любен Каравелов" Русе Отдел Изкуство - подръчен фонд 2020-04-09 Отдел Изкуство - подръчен фонд 0.88 333531 788/Г 58 120000333531 0.45 Нотни издания
  Не е изгубен Universal Decimal Classification Не е повреден само за читалня ползва се в читалня 774583 Регионална библиотека "Любен Каравелов" Русе Регионална библиотека "Любен Каравелов" Русе Хранилище 2020-06-05 Хранилище 0.88 333532 Цб М ІІ 8708 900000017486 0.45 Нотни издания
Vip Innovations Ltd, Rousse, Bulgaria 2025